Krízové stavy a prístupy manažmentu k ochrane prostredia v Slovenskej republike
Ekonomické a environmentálne problémy v súčasnosti a možnosti riešenia. Environmentálne krízové javy. Dopady na štátnu správu. Stav implementácie operačného programu Životné prostredie v SR. Dopady na samosprávu. Dopady na podnikovú sféru.
Enregistré dans:
| Auteur principal: | |
|---|---|
| Autres auteurs: | |
| Format: | Chapitre de livre |
| Langue: | slovaque |
| Sujets: | |
| Tags: |
Pas de tags, Soyez le premier à ajouter un tag!
|
MARC
| LEADER | 00000naa$a2200000$$$4500 | ||
|---|---|---|---|
| 001 | 0127015 | ||
| 005 | 20240502083321.1 | ||
| 041 | 0 | |a slo | |
| 044 | |a CZ | ||
| 245 | 1 | 0 | |a Krízové stavy a prístupy manažmentu k ochrane prostredia v Slovenskej republike |c Pavol Andrejovský, Mária Girgošková |
| 520 | |a Ekonomické a environmentálne problémy v súčasnosti a možnosti riešenia. Environmentálne krízové javy. Dopady na štátnu správu. Stav implementácie operačného programu Životné prostredie v SR. Dopady na samosprávu. Dopady na podnikovú sféru. | ||
| 610 | 2 | 0 | |a ochrana prostredia životného |
| 610 | 2 | 0 | |a ochrana prírody |
| 610 | 2 | 0 | |a politika environmentálna |
| 610 | 2 | 0 | |a správa štátna |
| 610 | 2 | 0 | |a samospráva |
| 610 | 2 | 0 | |a firmy |
| 610 | 2 | 0 | |a kríza hospodárska |
| 610 | 2 | 0 | |a kríza finančná |
| 610 | 2 | 0 | |a financie |
| 610 | 2 | 0 | |a Slovensko |
| 100 | 1 | |a Andrejovský, Pavol, 1975- | |
| 700 | 1 | |a Girgošková, Mária | |